| 000 | 01660cam a2200373 a 4500 | ||
|---|---|---|---|
| 999 |
_c2749 _d2749 |
||
| 005 | 20200309124857.0 | ||
| 008 | 070913s2008 nyua 000 0 eng | ||
| 010 | _a 2007037737 | ||
| 020 | _a9781568987538 (pbk. : alk. paper) | ||
| 020 | _a1568987536 (pbk. : alk. paper) | ||
| 035 | _a(OCoLC)171614476 | ||
| 041 | 1 |
_aeng _hspa |
|
| 043 | _an-us--- | ||
| 050 | 0 | 0 |
_aNA1088.M65 _bA35 2008 |
| 082 | 0 | 0 |
_a720.92 _222 _bPUE |
| 100 | 1 |
_aMies van der Rohe, Ludwig, _d1886-1969. |
|
| 240 | 1 | 0 |
_aConversaciones con Mies van der Rohe. _lEnglish |
| 245 | 1 | 0 |
_aConversations with Mies van der Rohe / _cMoisés Puente, editor. |
| 250 | _a1st ed., English ed. | ||
| 260 |
_aNew York : _bPrinceton Architectural Press, _cc2008. |
||
| 300 |
_a95 p. : _bill. ; _c21 cm. |
||
| 490 | 1 | _aConversations | |
| 500 | _aOriginally published: Conversaciones con Mies van der Rohe. Barcelona, Spain : Editorial Gustavo Gili, 2006. | ||
| 505 | 0 | _aArchitecture and technology / Mies van der Rohe -- Conversation one -- Conversation two -- Conversation three -- Mies's American period and its relevance today / Iñaki Ábalos. | |
| 600 | 1 | 0 |
_aMies van der Rohe, Ludwig, _d1886-1969 _vInterviews. |
| 650 | 0 |
_aArchitects _zUnited States _vInterviews. |
|
| 650 | 0 |
_aArchitecture _zUnited States _xHistory _y20th century. |
|
| 700 | 1 |
_aPuente, Moisés, _d1969- |
|
| 830 | 0 | _aConversations with students. | |
| 856 | 4 | 1 |
_3Table of contents only _uhttp://www.loc.gov/catdir/toc/ecip0727/2007037737.html |
| 906 |
_a7 _bcbc _corignew _d1 _eecip _f20 _gy-gencatlg |
||
| 942 | _2ddc | ||